Eishockey: DEL Meister - Statistiken

Allgemein
  • Dieses Quiz wurde 1.028 mal gespielt
  • Das Durchschnittsergebnis liegt bei 19 aus 22
Antwortstatistiken
Jahr Team (Voller Teamname) % Korrekt
2005 Eisbären Berlin
98%
2006 Eisbären Berlin
98%
2008 Eisbären Berlin
98%
2009 Eisbären Berlin
98%
2011 Eisbären Berlin
98%
2012 Eisbären Berlin
98%
2013 Eisbären Berlin
98%
2021 Eisbären Berlin
98%
2022 EIsbären Berlin
98%
2016 EHC Red Bull München
96%
2017 EHC Red Bull München
96%
2018 EHC Red Bull München
96%
2001 Adler Mannheim
92%
2007 Adler Mannheim
92%
2015 Adler Mannheim
92%
2019 Adler Mannheim
92%
2014 ERC Ingolstadt
75%
2002 Kölner Haie
75%
2004 Löwen Frankfurt
54%
2003 Krefeld Pinguine
43%
2010 Hannover Scorpions
42%
2000 München Barons
28%
Keine übereinstimmenden Quizze gefunden
Verteilung der Resultate
Anzahl Personen mit jedem Resultat
Perzentil nach korrekt beantworteten Fragen
Ihre Resultats-Entwicklung
Sie haben dieses Quiz noch nicht gespielt